The practice of quantitative gel electrophoresis / (Record no. 36871)
[ view plain ]
| 000 -LEADER | |
|---|---|
| fixed length control field | 01177nam a2200337 a 4500 |
| 001 - CONTROL NUMBER | |
| control field | 36871 |
| 003 - CONTROL NUMBER IDENTIFIER | |
| rucl marc code | BD-RjUL |
| 005 - DATE AND TIME OF LATEST TRANSACTION | |
| control field | 20211209052543.0 |
| 008 - FIXED-LENGTH DATA ELEMENTS--GENERAL INFORMATION | |
| fixed length control field | 140921s1985 gw a b 001 0 eng d |
| 020 ## - INTERNATIONAL STANDARD BOOK NUMBER | |
| International Standard Book Number | 0895730642 (VCH Publishers) |
| International Standard Book Number | 3527260390 (VCH Verlagsgesellschaft) |
| 035 ## - SYSTEM CONTROL NUMBER | |
| System control number | (OCoLC)59817275 |
| System control number | (OCoLC)ocm59817275 |
| System control number | (CStRLIN)NYCG86-B26310 |
| System control number | (BD-RjUL) |
| System control number | (NNC)450649 |
| 040 ## - CATALOGING SOURCE | |
| Original cataloging agency | NjP |
| Transcribing agency | NjP |
| Modifying agency | NNC |
| Language of cataloging | eng |
| 041 ## - LANGUAGE CODE | |
| Language code of text/sound track or separate title | eng |
| 082 ## - DEWEY DECIMAL CLASSIFICATION NUMBER | |
| Classification number | 572.6 |
| 090 ## - LOCALLY ASSIGNED LC-TYPE CALL NUMBER (OCLC); LOCAL CALL NUMBER (OCLC) | |
| Classification number (OCLC) (R) ; Classification number, CALL (RLIN) (NR) | QP519.9.E434 |
| Local cutter number (OCLC) ; Book number/undivided call number, CALL (RLIN) | C48 1985 |
| 100 1# - MAIN ENTRY--PERSONAL NAME | |
| Personal name | Chrambach, Andreas. |
| 9 (RLIN) | 112512 |
| 245 14 - TITLE STATEMENT | |
| Title | The practice of quantitative gel electrophoresis / |
| Statement of responsibility, etc. | Andreas Chrambach. |
| 250 ## - EDITION STATEMENT | |
| Edition statement | 1st ed. |
| 260 ## - PUBLICATION, DISTRIBUTION, ETC. (IMPRINT) | |
| Place of publication, distribution, etc. | Weinheim, Federal Republic of Germany : |
| Name of publisher, distributor, etc. | VCH Verlagsgesellschaft ; |
| Place of publication, distribution, etc. | Deerfield Beach, FL : |
| Name of publisher, distributor, etc. | Distribution, USA and Canada, VCH Publishers, |
| Date of publication, distribution, etc. | 1985. |
| 300 ## - PHYSICAL DESCRIPTION | |
| Pagination | xvi, 265 p. : |
| Illustrations | ill. ; |
| Size | 25 cm. |
| 490 1# - SERIES STATEMENT | |
| Series statement | Advanced methods in the biological sciences |
| 504 ## - BIBLIOGRAPHY, ETC. NOTE | |
| Bibliography, etc | Includes bibliographical references and index. |
| 650 #0 - SUBJECT ADDED ENTRY--TOPICAL TERM | |
| Topical term or geographic name as entry element | Electrophoresis |
| General subdivision | Technique. |
| 9 (RLIN) | 112513 |
| 830 #0 - SERIES ADDED ENTRY--UNIFORM TITLE | |
| Uniform title | Advanced methods in the biological sciences. |
| 942 ## - ADDED ENTRY ELEMENTS (KOHA) | |
| Source of classification or shelving scheme | Dewey Decimal Classification |
| Koha item type | Books |
| Lost status | Source of classification or shelving scheme | Damaged status | Not for loan | Permanent Location | Current Location | Shelving location | Date acquired | Total Checkouts | Full call number | Date last seen | Copy number | Koha item type |
|---|---|---|---|---|---|---|---|---|---|---|---|---|
| Dewey Decimal Classification | Not For Loan | Institute of Biological Sciences (IBSc) Library | Institute of Biological Sciences (IBSc) Library | 21/09/2014 | 572.6 CHP 1985 | 21/09/2014 | C-1 | Books |